000 00843nam a2200193 i 4500
001 187855
003 ES-MaACL
005 20230906223039.0
008 180316s1899 xxk |||| | eng d
110 0 _aGran Bretaña.
_bForeign Office.
_94480
245 1 0 _aItaly
_b: report for the year 1898 on the trade and commerce of Elba : reference to previous report, annual series nº 2124 /
_cpresented to both Houses of Parliament by command of Her Majesty, may 1899.
260 _aLondon :
_bForeing Office,
_c1899.
300 _a11 p. ;
_c25 cm.
490 1 _aDiplomatic and consular reports. Annual series ;
_v2274
651 4 _aItalia-
_xComercio exterior.
_9164397
830 0 _aDiplomatic and consular reports. Annual series ;
_v2274
_9192842
852 _aES-MaACL
_jT-951-F-13
_z.- Legado de González del Campillo
999 _c187855
_d187855